[Event "World 50+ Teams"]
[Site "Dresden"]
[Date "2016.06.30"]
[Round "5.2"]
[White "Hergott, Deen"]
[Black "Nehmert, Uhlrich"]
[Result "1-0"]
[WhiteElo "2385"]
[BlackElo "2324"]
[Annotator "Deen Hergott"]
[PlyCount "81"]
[EventDate "2016.??.??"]
[EventType "team-swiss"]
[EventCountry "GER"]
[SourceTitle "Chess Canada Tactiosauru"]
[Source "CFC/John Upper"]
[SourceDate "2023.03.11"]
[SourceVersion "1"]
[SourceVersionDate "2023.03.11"]
[SourceQuality "1"]

1. d4 d5 2. Nf3 Nf6 3. c4 e6 4. g3 dxc4 5. Qa4+ Nbd7 6. Bg2 c5 7. O-O cxd4 8.
Nxd4 Be7 9. Rd1 O-O 10. Qxc4 Qa5 11. Qb5 Qxb5 12. Nxb5 a6 13. Nd6 Ra7 14. Be3
b6 15. Nc4 Rc7 16. Nxb6 Nxb6 17. Bxb6 Rc2 18. Bd4 Rxe2 {[%mdl 64] This
position I had foreseen and assumed that Black's rook, while active, would
have some difficulty escaping to safety. I was right in my thinking, but
failed to set the biggest tasks for Black to overcome. [#] Can White trap the
Black R? Critical Position} 19. Nc3 {I spent a long time trying to trap
Black's rook, and finally hit upon something that I thought was strong. I
missed the simplest of all though, controlling the only safe square for
Black's rook directly!} (19. Nd2 e5 20. Bb6 Bb4 $1 $15) (19. Na3 Bxa3 20. bxa3
Rc2 $15) (19. Bf1 Rc2 20. Bc3 Ne4 $1 $15) (19. Rc1 $1 Bb4 20. Kf1 e5 21. Kxe2
exd4 $16 {maybe just winning. White has to get developed but he has no real
weaknesses.}) 19... Rc2 (19... Rxb2 $2 20. Nd5 $1) 20. Rab1 Rd8 21. Bf1 e5 22.
Bxe5 Rxd1 {I had seen up to here in analysis and now another crossroads.} 23.
Nxd1 $1 {Guards f2 and b2, and intends Ne3 to chase Black's rook off the 7th.
If 23.Rxd1, b2 will become a problem again before long.} Ng4 (23... Bf5 24. Ne3
Rxf2 25. Rc1 $1 $18) 24. Bf4 $2 {[%mdl 32832] Ugh. Even though 24.Bd4 "felt"
right, I was seduced by the idea of Rc1, getting rid of Black's rook once and
for all. The tactical refutation of my choice is not a simple one, and that is
probably what saved me. [#] Critical Position White's minors have been
discombobulated in an attempt to evict the Rc2. Can Black keep up the pressure?
} g5 $2 (24... Bc5 $2 25. Bd3 $18) (24... Nxf2 $3 25. Ne3 $1 (25. Nxf2 Bc5 $11)
25... Rd2 $8 {Analysis Diagram [#] and amazingly everything holds for Black.
The threat of ...Nh3+ saves Black in many lines, and there are no good
discoveries against Black's floating rook on the 7th.} 26. Nf5 $1 (26. Nc4 Nh3+
27. Bxh3 Bc5+ $8 28. Be3 $8 Bxe3+ 29. Nxe3 Bxh3 $11) (26. Rc1 Nh3+ 27. Bxh3
Bxh3 {and c8 is still defended} 28. Nf5 $2 Rg2+ $8 29. Kh1 Bf8 $17) (26. Ng4 $4
Nxg4 $19 27. Bxd2 Bc5+ 28. Kg2 (28. Kh1 Nf2+ 29. Kg2 Bb7+ $19) 28... Bb7+ 29.
Kh3 Nf2+ 30. Kh4 Be7+ 31. Bg5 f6 $19 {White has to give up the B to avoid
being mated.}) 26... Bxf5 $8 27. Bxd2 Nh3+ 28. Kg2 Bxb1 29. Kxh3 Bxa2 30. Bxa6
$11 {and the b-pawn isn't going to be enough.}) 25. Rc1 $8 {Phew! Now White is
a pawn up in all lines.} Bf5 26. Rxc2 Bxc2 27. Ne3 $1 {This I had seen, and
the rest is fairly smooth sailing.} gxf4 28. Nxc2 $1 Bc5 {[#]} 29. gxf4 (29.
Bxa6 $1 {is a bit better, setting the Q-side in motion right away. It turns
out ...f3 is nothing.} f3 30. Bb7 Bxf2+ 31. Kf1 Ba7 32. Bxf3 Nxh2+ 33. Kg2 Nxf3
34. Kxf3 {and the pawns clearly carry the day.}) 29... Nxf2 (29... a5 $1) 30.
b4 $1 Bb6 31. Kg2 Nd1 32. Bxa6 Nc3 33. Bc4 Kg7 34. Kf3 f5 35. Ne3 Kg6 36. Be6
Kf6 37. Bb3 Kg6 38. a4 Ne4 39. Bc2 Nd6 40. a5 Bd4 41. Bd3 {Another flawed
victory, but it felt good to get my feet wet again after so many years. And it
was great to see my chess colleagues again - all in all a great trip,
tournament and reunion!} 1-0

[Event "2016 Canadian Open"]
[Site "Windsor"]
[Date "2016.07.16"]
[Round "6"]
[White "Ivanov, Mike"]
[Black "Tarjan, James"]
[Result "1/2-1/2"]
[WhiteElo "2260"]
[BlackElo "2443"]
[Annotator "Mike Ivanov"]
[PlyCount "107"]
[EventDate "2016.07.??"]
[EventType "swiss"]
[EventRounds "9"]
[EventCountry "CAN"]
[SourceTitle "Chess Canada Tactiosauru"]
[Source "CFC/John Upper"]
[SourceDate "2023.03.11"]
[SourceVersion "1"]
[SourceVersionDate "2023.03.11"]
[SourceQuality "1"]

1. e4 e5 2. Nf3 Nc6 3. d4 exd4 4. Nxd4 Bb4+ 5. c3 Bc5 6. Be3 Bb6 7. Nf5 Bxe3 8.
Nxe3 Nf6 9. f3 O-O 10. c4 d6 11. Nc3 Nd7 12. Qd2 Nc5 13. Be2 a5 14. O-O Be6 15.
Rae1 f6 16. Kh1 Ne5 17. b3 Re8 18. Rb1 c6 19. f4 Nf7 20. Bd1 Qb6 21. a3 Bc8 22.
Bc2 Qc7 23. Rf3 Nd7 24. Rbf1 Nf8 25. Rg3 Kh8 26. Qd1 Nh6 27. Qd3 Be6 28. Ne2
Bf7 29. Rh3 Bg6 30. Ng3 Rad8 31. Qc3 Ng8 32. Rf3 Qb6 33. Rh4 $6 Rd7 34. f5 $2
Bf7 35. Ne2 Rde7 36. Nf4 h6 37. Rg4 Ra8 38. Rfg3 Be8 39. Rh4 Nd7 {[%mdl 32832]
[#]Critical Position Ne6 or Ng6?} 40. Ng6+ $2 (40. Ne6 $1 {once again should
be the way to go, and White can start to look for the final blow such as Nxg7.}
Ne5 (40... Rxe6 41. fxe6 Ne5 42. Rf4 Rd8 43. Nf5 $18) (40... Nc5 41. Nxg7 Rxg7
42. Rxh6+ Nxh6 43. Qxf6 Qc7 44. Qxh6+ Kg8 45. Ng4 $18) 41. c5 $1 dxc5 42. Nc4
$1 Qa6 (42... Nxc4 43. Rxg7 $3 Rxg7 44. Rxh6+ $8 Nxh6 45. Qxf6 $18) 43. Kg1
Nxc4 44. Rxg7 $1 Rxg7 45. Rxh6+ $1 Nxh6 46. Qxf6 {#2.}) 40... Bxg6 $8 $11 41.
fxg6 Qc5 42. Qd2 Re5 $2 (42... Ne5 $142 $11) 43. Nf5 $1 {My plan when playing
Ng6 was simple: put all the pieces on h6 and sac the knight. Too bad the rook
got in the way...} Rxf5 $1 44. exf5 Re8 {Diagram [#]} 45. h3 $1 {Avoiding many
annoying back-rank tricks. Although White is up an exchange, a3 is falling,
and the bishop on c2 isn't much of a bishop. The knights can start to dominate
the position if White's not careful} (45. b4 axb4 46. axb4 Qe5 47. Kg1 $16 (47.
Re4 $4 Qa1+ $19)) 45... Qxa3 46. Rd4 Ne5 47. Kh2 Rd8 48. Re3 $2 {Here I missed
the last easy win, a neat simplifying tactic} (48. b4 $1 Qxb4 49. Qxb4 axb4 50.
c5 $18) 48... Qc5 49. Re1 Ne7 50. Rh4 {And here we agreed on a draw, partially
due to the respect I had for my experienced opponent. Nevertheless, the lesson
that can be taken from this game is summed up by a Nigel Short quote:  If your
opponent offers you a draw (or a 3-fold repetition!) figure out why he thinks
he's worse!} Ng8 51. Rd4 (51. Rd1 $1 d5 52. Qd4 Qd6 53. Kh1 a4 (53... Qb8 54.
Qd2 (54. c5 Nd7 55. b4 axb4 56. Qxb4 Qa7 57. Bb3 Nxc5 $13) 54... b6 $16) 54.
cxd5 axb3 55. Bxb3 c5 56. Qa4 {With more chances to win than to draw.}) 51...
Ne7 52. Rh4 Ng8 53. Rd4 Ne7 54. Rh4 1/2-1/2

[Event "2016 SPFGI"]
[Site "St. Louis"]
[Date "2016.07.27"]
[Round "4"]
[White "Giblon, Rebecca"]
[Black "Cao, Claire"]
[Result "1-0"]
[WhiteElo "1987"]
[BlackElo "1813"]
[Annotator "John Upper"]
[PlyCount "93"]
[EventDate "2016.??.??"]
[EventType "swiss"]
[EventCountry "USA"]
[SourceTitle "Chess Canada Tactiosauru"]
[Source "CFC/John Upper"]
[SourceDate "2023.03.11"]
[SourceVersion "1"]
[SourceVersionDate "2023.03.11"]
[SourceQuality "1"]

{[%evp 0,93,24,25,43,33,36,33,-9,-7,-7,18,30,28,24,-1,2,-4,4,14,36,36,33,9,24,
-20,5,12,20,13,39,-21,19,-4,51,57,78,51,60,38,57,-87,-86,-177,-78,-98,-98,-119,
-51,-114,-30,-82,-72,-58,23,9,36,17,17,9,17,24,18,18,2,-70,-101,-74,-99,-99,
-50,-54,-52,-66,-60,-60,-57,-44,-89,-186,17,0,73,0,8,0,271,192,625,653,29995,
29996,29997,29998,29999,-30000]} 1. e4 e6 2. d4 d5 3. Nd2 Nf6 4. e5 Nfd7 5. Bd3
c5 6. c3 Nc6 7. Ngf3 cxd4 8. cxd4 f6 9. exf6 Nxf6 10. O-O Bd6 11. Re1 O-O 12.
b3 Bd7 13. Bb2 Qb6 14. Rc1 Rac8 15. Bb1 Rce8 16. Qe2 Bc8 17. Qe3 Rf7 18. Ng5
Rfe7 19. Ndf3 h6 20. Bg6 hxg5 21. Bxe8 Rxe8 22. Qxg5 Rf8 23. Qh4 Nh7 24. Rc2
Rf4 25. Qh3 Qd8 26. Ne5 Nxe5 27. dxe5 Bb4 28. Rec1 Bd7 29. Qe3 Re4 30. Qxa7 Bc6
31. Bd4 Qh4 32. a3 Rxd4 33. axb4 Rxb4 34. Rc3 Rg4 35. Qb8+ Nf8 36. Rf3 Qe7 37.
h3 Rg5 38. g4 d4 39. Rf4 d3 40. Rd1 Qc5 41. b4 Qe7 42. Rxd3 {[%mdl 33088] [#]
Critical Position White threatens both Rd8 and Rxf8+. Can Black do anything
about it?} Bd5 $4 {Game-losing, allowing the rook to penetrate on the a-file
instead. Black does have a way to save the game, and if you're desperate
enough you might find it:} (42... Bd7 $2 43. Rdf3 $18 ({or} 43. Qxf8+ {
simplifying to a winning endgame.})) (42... Be8 $2 43. Rd8 Bf7 44. Rc4 $18 {
bringing another major to the back rank.}) (42... Rf5 $8 {the only hope: it
not only creates chaos, it equalizes:} 43. gxf5 Qg5+ $8 44. Rg4 $8 Qc1+ 45. Kh2
Qh1+ 46. Kg3 exf5 $8 (46... Qg2+ $2 47. Kh4 Qxf2+ 48. Rdg3 $8 $18) 47. Rc4 $8 (
47. Rd8 $2 Qf3+ 48. Kh4 Qxf2+ 49. Rg3 Qf4+ 50. Rg4 fxg4 $19 {defending f8.})
47... Qg1+ 48. Kh4 Qxf2+ {The White K can't step on a light square without
losing the Rd3.} 49. Kg5 (49. Kh5 $2 Qe2+ $19) 49... Qg2+ 50. Kf4 (50. Kxf5 $2
Qg6+ $19) 50... Qf2+ 51. Kg5 Qg2+ $11) 43. Ra3 $1 ({or} 43. Rc3 Bc6 44. b5 Qe8
45. Qxe8 Bxe8 46. Rc8 $18) 43... Rg6 44. Ra8 b5 45. Qxf8+ Qxf8 46. Rfxf8+ Kh7
47. Rh8# 1-0

[Event "2016 Calgary International"]
[Site "Calgary"]
[Date "2016.07.30"]
[Round "5"]
[White "Preotu, Razvan"]
[Black "Popilski, Gil"]
[Result "1-0"]
[WhiteElo "2452"]
[BlackElo "2542"]
[Annotator "John Upper"]
[PlyCount "57"]
[EventDate "2016.07.27"]
[EventRounds "9"]
[EventCountry "CAN"]
[SourceTitle "Chess Canada Tactiosauru"]
[Source "CFC/John Upper"]
[SourceDate "2023.03.11"]
[SourceVersion "1"]
[SourceVersionDate "2023.03.11"]
[SourceQuality "1"]

{[%evp 0,57,33,33,43,60,91,53,63,43,35,34,84,28,55,42,49,35,36,31,19,21,33,28,
18,11,19,19,14,20,16,18,18,-64,-48,-48,-47,-41,-37,-53,-27,-24,-8,-19,-18,-9,
17,13,8,8,59,60,37,26,100,183,429,596,607,614]} 1. e4 c5 2. Nf3 d6 3. d4 cxd4
4. Nxd4 Nf6 5. Nc3 a6 6. h3 e6 7. g4 Be7 8. Bg2 Nfd7 9. Be3 O-O 10. Qd2 Nc6 11.
O-O-O Nde5 12. Nxc6 bxc6 13. b3 d5 14. Kb1 Rb8 15. Ka1 Bb4 16. Qe1 Qf6 17. Bd2
Nf3 18. Bxf3 Qxf3 19. Rg1 Qf6 20. g5 Qe7 21. Na4 Rd8 22. Bc3 d4 23. Bxb4 Rxb4
24. c3 dxc3 25. Qxc3 Rxe4 26. Qxc6 {[%mdl 33088] [#] Critical Position Black's
Re4 is hanging and White threatens Nb6 winning the B. Can Black defend?} Re2 $2
{Trying to set up some counterplay against the White king, but it doesn't work.
} (26... f5 $1 {was forced, defending e4 and making room for the king.} 27. Qc5
$1 (27. gxf6 $2 Qxf6+ 28. Nb2 Red4 $8 29. Rxd4 Qxd4 $8 30. Rd1 Qf6 31. Rxd8+
Qxd8 $11) (27. Nb6 $2 Bb7 $8 {Qxb7 doesn't work now that ...f5 avoids the back
rank mate.} 28. Rxd8+ Qxd8 29. Qxb7 Qd4+ 30. Kb1 Qd3+ $11) 27... Qf8 28. Qc7
Re8 (28... Red4 $2 29. Rxd4 $8 Rxd4 30. Nb6 Rd8 31. Rc1 $18 {smothering the B
before he even gets out of bed.}) 29. Rd2 Re7 30. Qc6 $1 (30. Qc3 Re8 31. Rgd1
$16) 30... Bb7 31. Qb6 {(threat: Rd8)} Bd5 32. Nc3 $18 {White will win at
least a couple of pawns.}) 27. Nc3 $1 $18 (27. Nb6 $2 Rf8 $8 $11 28. Nxc8 $2
Qa3 $19 {this is Black's idea behind ...Re2.}) 27... Rxf2 28. Rxd8+ Qxd8 29.
Rd1 {Black can't guard the back rank and stop Qc7 then Rd8 winning material.}
1-0

[Event "2016 Commonwealth Ch."]
[Site "Waskaduwa"]
[Date "2016.08.04"]
[Round "7"]
[White "Pujari, Rucha"]
[Black "Thavandiran, Shiyam"]
[Result "0-1"]
[WhiteElo "2137"]
[BlackElo "2344"]
[Annotator "John Upper"]
[PlyCount "80"]
[EventDate "2016.08.04"]
[EventType "tourn"]
[EventCountry "SRI"]
[SourceTitle "Chess Canada Tactiosauru"]
[Source "CFC/John Upper"]
[SourceDate "2023.03.11"]
[SourceVersion "1"]
[SourceVersionDate "2023.03.11"]
[SourceQuality "1"]

{[%evp 0,80,29,16,47,-23,0,4,40,43,64,61,61,41,20,36,36,35,26,28,40,18,32,28,
27,-7,31,22,25,3,37,16,26,29,23,16,42,46,38,47,64,65,76,84,52,70,70,69,69,0,37,
21,34,68,83,86,84,56,29,0,113,-6,17,0,0,0,0,0,-98,-730,-730,-731,-731,-731,
-744,-29993,-29994,-29995,-29996,-29997,-29998,-29999,-30000]} 1. d4 e6 2. c4
Nf6 3. Nf3 Bb4+ 4. Bd2 c5 5. Bxb4 cxb4 6. g3 b6 7. Bg2 Bb7 8. O-O O-O 9. Nbd2
Qc7 10. Rc1 d6 11. Qb3 a5 12. h3 Na6 13. Nh4 Rac8 14. f4 Bxg2 15. Nxg2 e5 16.
e3 Rfe8 17. Qd3 Nb8 18. g4 exd4 19. exd4 d5 20. g5 Ne4 21. Ne3 Nxd2 22. Nxd5
Qd7 23. Qxd2 Qxh3 24. Rf2 Nd7 25. Rh2 Qe6 26. b3 b5 27. Qd3 g6 28. Qh3 {[#]} h5
$8 (28... Qxh3 29. Rxh3 Re2 30. c5 $18) 29. gxh6 f5 30. Qg2 Kh7 31. Rh3 Nf6 32.
Nxf6+ $6 (32. Re3 $142 Ne4 33. Rxe4 $3 fxe4 34. f5 $11 Qf7 $8 (34... Qxf5 $4
35. Rf1 $18) 35. fxg6+ Qxg6 36. Qxg6+ Kxg6 37. Kf2 $11) 32... Qxf6 {[%mdl
33088] [#] Critical Position White is up a pawn, but Black is attacking d4 
(with check) and has the only open file. What to do...} 33. Qb7+ $4 (33. d5 $2
Re4 $19) (33. Qf2 $142 $15) 33... Re7 $8 $19 {Only move to win! One hard thing
to see in the diagram position is that White's K is more vulnerable than
Black's: that Ph6 keeps out the white pieces, but the other white pawns a AWOL.
} (33... Kh8 $2 34. Qg7+ Qxg7 35. hxg7+ Kxg7 36. Rd3 $13) 34. Qxc8 ({White
can't escape now without handing Black a winning counter attack on the central
pawns, after which White's loose K gives Black a winning initiative. e.g.} 34.
Qd5 bxc4 35. bxc4 Rcc7 $1 36. Rd1 Rcd7 37. Qc5 Re4 $19 {wins a pawn and breaks
through.}) 34... Qxd4+ 35. Kh1 Qe4+ $8 36. Kg1 {[#]} Qxf4 $1 {Makes way for
the Re7 while gaining an essential tempo on the Rc1. If the Rc1 was on b1,
then White could defend and win with Qc6... but it isn't, so she loses.} 37.
Rc2 (37. Rd1 Qg4+ $19 {fork.}) (37. Rf1 Qg4+ $8 38. Kh2 (38. Kf2 Re2#) 38...
Re2+ $19) 37... Re1+ $8 38. Kg2 Qf1+ 39. Kg3 Re3+ 40. Kh4 Qf4# 0-1

[Event "Almonte Open"]
[Site "Almonte"]
[Date "2016.08.27"]
[Round "2"]
[White "Demchenko, Svitlana"]
[Black "Zhou, Qiyu"]
[Result "0-1"]
[WhiteElo "2031"]
[BlackElo "2320"]
[Annotator "John Upper"]
[PlyCount "64"]
[EventType "swiss"]
[EventRounds "5"]
[EventCountry "CAN"]
[SourceTitle "Chess Canada Tactiosauru"]
[Source "CFC/John Upper"]
[SourceDate "2023.03.11"]
[SourceVersion "1"]
[SourceVersionDate "2023.03.11"]
[SourceQuality "1"]

1. d4 Nf6 2. Nf3 e6 3. c4 b6 4. Nc3 Bb4 5. e3 Bb7 6. Be2 O-O 7. O-O d5 8. a3
Be7 9. b3 Nbd7 10. Bb2 Rc8 11. cxd5 exd5 12. b4 c5 13. bxc5 bxc5 14. Rc1 c4 15.
Ne5 Qa5 16. Bf3 Bd6 17. Nxd7 Nxd7 18. e4 dxe4 19. Bxe4 Rb8 20. Qc2 Nf6 21. Bxb7
Rxb7 {[%mdl 32832] Diagram [#]Critical Position White had just pushed e3-e4
and after the exchanges following ...dxe4 both sides are left with isolated
pawns. What should White play now: a) Rfd1 (supporting d4) b) Nb1 (attacking
c4 and defending a3 in anticipation of ...Rfb8) c) something else?} 22. Nb1 $2
(22. Rfd1 {is also bad for the same reason as the game line.} Bxh2+ $3 (22...
Rb3 $1 $17) 23. Kxh2 Qh5+ 24. Kg1 Ng4 25. g3 Qh2+ 26. Kf1 Re8 $19) ({
"Something else" is best. Either defending with} 22. g3 $1 {or thinning the
attacking hoard with 22.d5 are both better.}) 22... Bxh2+ $3 $19 23. Kxh2 Qh5+
(23... Ng4+ $5 24. Kg3 $8 Rb6 $8 {also gives Black a huge attack.} 25. Bc3 (25.
f3 Ne3 $8 26. Qf2 Qg5+ 27. Kh2 Rh6+ 28. Kg1 Qf4 $19) 25... Qd5 $1 26. f3 Ne3
27. Qe4 Qg5+ 28. Kf2 Re6 $8 $19) 24. Kg1 (24. Kg3 Qg4+ {transposes to the game,
but Black also has the spectacular} (24... Rxb2 $3 25. Qxb2 g5 $1 (25... Ne4+
26. Kf4 Re8 $19) 26. Rfe1 (26. f3 Qh4#) (26. Qb7 Qh4+ 27. Kf3 Qg4+ 28. Ke3 Re8+
29. Kd2 Qxd4+ 30. Kc2 Re2+ {mates too.}) 26... Qh4+ 27. Kf3 Qg4+ 28. Ke3 Qe4+
29. Kd2 Qd3#)) 24... Ng4 25. Rfe1 Qh2+ 26. Kf1 Qh1+ 27. Ke2 Qxg2 {[#] For the
B Black has two pawns and killing initiative.} 28. Kd2 (28. Rf1 Re8+ 29. Kd2
Nxf2 $19 {and there's no good defence to the threats of ...Qg5# and ...Ne4+.})
28... Qxf2+ 29. Re2 Qf4+ $1 30. Ke1 Ne3 $1 31. Qc3 (31. Qd2 $2 Qf1#) 31... Re8
32. Nd2 (32. Ba1 Qf3 $1 $19 (32... Rb3 $19)) 32... Qg3+ {White would have to
give back more than she has just to postpone mate. An alert and accurate
attack by Black.} 0-1

[Event "CWCC Zonal 2016"]
[Site "Ottawa"]
[Date "2016.09.23"]
[Round "2"]
[White "Wang, Constance"]
[Black "Matras Clement, Agnieszka"]
[Result "1/2-1/2"]
[WhiteElo "2033"]
[BlackElo "2308"]
[Annotator "John Upper"]
[PlyCount "103"]
[EventDate "2016.??.??"]
[EventType "tourn"]
[EventCountry "CAN"]
[SourceTitle "Chess Canada Tactiosauru"]
[Source "CFC/John Upper"]
[SourceDate "2023.03.11"]
[SourceVersion "1"]
[SourceVersionDate "2023.03.11"]
[SourceQuality "1"]

{[%evp 0,103,23,28,28,28,12,16,18,10,6,15,19,10,23,7,17,-20,-16,-14,-1,-3,0,-3,
-3,-3,-8,0,15,17,23,-8,-18,20,53,26,75,57,36,32,34,8,8,3,109,45,43,45,50,-15,
-15,-32,-27,-24,-21,-31,0,0,73,105,105,103,103,103,105,147,200,189,204,198,192,
42,89,46,46,46,46,18,34,20,40,0,0,0,0,0,0,-28,18,32,1,0,0,0,0,0,0,0,0,0,0,0,0,
0,0,0]} 1. e4 e5 2. Nf3 Nc6 3. Bb5 a6 4. Ba4 Nf6 5. O-O b5 6. Bb3 Be7 7. Re1 d6
8. c3 O-O 9. h3 Bb7 10. d4 Re8 11. Ng5 Rf8 12. Nf3 Nd7 13. Nbd2 Na5 14. Bc2 c5
15. Nf1 cxd4 16. cxd4 Bf6 17. Ne3 g6 18. Ng4 Bg7 19. Bh6 Rc8 20. Bxg7 Kxg7 21.
Qd2 f6 22. Rad1 Kh8 23. dxe5 Nxe5 24. Ngxe5 dxe5 25. Qh6 Qe7 26. Re2 Rfd8 27.
Red2 {[%mdl 33088] [#]Critical Position ...Rxd2 or ...Nc4} Nc4 $4 (27... Rxd2
$142 {Eliminating White's battery on the d-file frees up her Q and R.} 28. Qxd2
$1 (28. Rxd2 $2 Nc4 29. Nh4 Qf7 $17) 28... Nc4 $15 29. Qd7 Qxd7 30. Rxd7 Nxb2
31. Ne1 $8 $15) 28. Nh4 $8 $18 Kg8 $1 ({But after} 28... Qe8 $2 {could
transpose into the game, but here White has better:} 29. Nf5 $3 {threatening
mate on g7 and Black can resign now, or after} (29. Rxd8 Rxd8 30. Rxd8 Qxd8 31.
Nxg6+ $18) 29... gxf5 30. Qxf6+ $18 {forking d8.}) 29. Nxg6 $8 Qe8 (29... hxg6
30. Qxg6+ Kf8 31. Qh6+ Kg8 32. Rd3 $18) 30. Rxd8 Rxd8 31. Rxd8 Qxd8 32. Nh4 {
[#]} Nxb2 $5 (32... Bc8 {is objectively better, but doesn't require White to
find any difficult moves to keep her advantage.}) 33. Nf5 Qf8 34. Bb3+ $1 Nc4
35. Qh4 $2 (35. Qc1 $3 {taking the Q out of the attacking zone is a really
hard move to see, but the threat on c4 gives White time to reset:} Qc5 (35...
Bxe4 $4 {loses the B after} 36. Bxc4+ bxc4 37. Qxc4+ $18) 36. Qd1 $1 $18 {
threatening both Qg4 and Qd7.}) 35... Bc8 36. Ng3 Qd8 37. Nh5 Kf7 38. Qg3 Qf8
$8 39. Bd1 Qh6 40. Qd3 Qd2 41. Qf3 Qg5 42. Ng3 Be6 $11 {Black's minors are now
both doing something and the position is equal.} 43. Nf5 Nd2 44. Nd6+ Kg6 45.
Qd3 Nc4 46. Nxc4 Bxc4 47. Qc2 h5 48. Bf3 Kh6 49. Kh2 Qf4+ 50. Kg1 Qg5 51. Kh2
Qf4+ 52. Kg1 1/2-1/2